• 首页
  • 本馆介绍
  • 公告通知
  • 最新文献
  • 馆藏检索
  • 电子资源
  • 读者导购
  • 参考咨询
  • 我的图书馆
  • 登录
  • 详细信息显示
  • 放入我的书架
  • 预约/预借图书
  • 作者相关作品
  • 分类相关作品
  • 丛书相关作品
  • 出版社相关作品

书目信息

  • 表格格式
  • 工作单格式
  • 卡片格式
题名:
从博物的观点看
    
 
作者: 刘华杰 著
分册:  
出版信息: 上海   上海科学技术文献出版社  2016.3
页数: 188页
开本: 19cm
丛书名:
单 册:
中图分类: N91
科图分类:
主题词: 博物学--研究
电子资源:
ISBN: 978-7-5439-6970-4
000 00795nam0 2200241 450
001 0400003195
005 20171021204126.0
010    @a978-7-5439-6970-4@b精装@dCNY30.00
100    @a20160621d2016 em y0chiy50 ea
101 0  @achi
102    @aCN@b310000
105    @ay z 000yy
106    @ar
200 1  @a从博物的观点看@9cong bo wu de guan dian kan@b专著@f刘华杰著
210    @a上海@c上海科学技术文献出版社@d2016.3
215    @a188页@d19cm
300    @a科学人文书系
330    @a本书收入了作者刘华杰有关博物学的文章,包括《从博物的观点看》《伏地魔之子论纯科学推进的速度》《知识要用力量来衡量吗》《平和推介中国》《博物新时代》等。
606 0  @a博物学@x研究
690    @aN91@v5
701  0 @a刘华杰@9liu hua jie@4著
801  0 @aCN@b91MARC@c20171021
905    @b1035741-5@dN91@f5@e5
    
    从博物的观点看/刘华杰著.-上海:上海科学技术文献出版社,2016.3
    188页;19cm
    科学人文书系
    
    ISBN 978-7-5439-6970-4(精装):CNY30.00
    本书收入了作者刘华杰有关博物学的文章,包括《从博物的观点看》《伏地魔之子论纯科学推进的速度》《知识要用力量来衡量吗》《平和推介中国》《博物新时代》等。
●
相关链接 在E读中查询图书 在五车中查询图书 在当当中查询图书 在豆瓣中查询图书


正题名:从博物的观点看     索取号:N91/5         预约/预借

序号 登录号 条形码 馆藏地/架位号 状态 备注
1 1035741   210357415   第二样本阅览室/ [索取号:N91/5] 在馆    
2 1035742   210357424   密集书库-物理学院/ [索取号:N91/5] 在馆    
3 1035743   210357433   第三借阅区/ [索取号:N91/5] 在馆    
4 1035744   210357442   第三借阅区/ [索取号:N91/5] 在馆    
5 1035745   210357451   第三借阅区/ [索取号:N91/5] 在馆    
唐山师范学院图书馆 欢迎您!
大连网信软件有限公司© 版权所有